| 000 | 00884nam a2200265Ia 4500 | ||
|---|---|---|---|
| 001 | dia_4425 | ||
| 003 | CHAP | ||
| 005 | 20251015160633.0 | ||
| 008 | 220117s1985 xx 000 0 und d | ||
| 010 | _a175075 | ||
| 040 |
_cCHAP _amxchpua _erda |
||
| 090 | _aFolleto 2343 | ||
| 100 |
_aEspinosa Solares, Teodoro _937994 |
||
| 245 |
_aEnsayo: Los Sistemas Agroindustriales Cacao, Caña De Azúcar y Coco En La Región Chontalpa, Tabasco / _c Teodoro Espinosa Solares |
||
| 260 |
_aChapingo, México : _b UACh. Departamento de Industrias Agrícolas, _c1985 |
||
| 300 | _a33 H. | ||
| 500 | _aS/C | ||
| 650 |
_aAgricultura Tropical _9155870 |
||
| 650 |
_aAgricultura _xIndustria _9155871 |
||
| 650 |
_aCultivos Tropicales _930383 |
||
| 901 | _aFOLLETO 2343 | ||
| 902 | _aM | ||
| 905 | _a0000001985 mx 0000000000spa00 | ||
| 942 |
_cFOLL _2local |
||
| 999 |
_c175075 _d175075 |
||